000 00730nam a22002297a 4500
003 0
005 20241112101641.0
008 241112b xxu||||| |||| 00| 0 eng d
020 _a978-1-949679-55-7
082 _aER
_bR628 2018
100 _aGeorge, Joshua
245 _aRoar! : went the lion
_cJoshua George, illustrated by Sarah Lawrence.
260 _aMelville, New York :
_bLittle Hippo Books,
_cc2018.
300 _a24 unnumbered pages :
_bcol. ill. ;
_c21 cm.
500 _aRead & Learn as characters come alive!
501 _aA come-to-life book.
650 _aChildren's stories Pictorial works
650 _aPicture books
650 _aBoard books
700 _aLawrence, Sarah,
_eillustrator.
942 _2ddc
_cBK
999 _c366678
_d366678